| 000 | 00722nam a2200193 i 4500 | ||
|---|---|---|---|
| 001 | 157306 | ||
| 003 | ES-MaACL | ||
| 005 | 20251004063205.0 | ||
| 008 | 040819s1886 be |||| | fre d | ||
| 040 |
_aCAM _bspa _cCAM |
||
| 100 | 1 |
_aLaveleye, Émile de, _d1822-1892 _970700 |
|
| 245 | 1 | 3 |
_aLa propriété collective du sol en différents pays / _cpar Émile de Laveleye. |
| 260 |
_aBruxelles : _blibrairie Européenne C. Muquardt, _c1886 ( _fP. Weissenbruch) |
||
| 300 |
_a61 p. ; _c25 cm. |
||
| 595 | _aExtrait de la Revue de Belgique. | ||
| 650 | 0 | 4 |
_aPropiedad. _916476 |
| 852 |
_aES-MaACL _jT-508-F-8 _z-- Enc. hol., conservnado la enc. original _z-- Enc. en un vol. facticio |
||
| 999 |
_c157306 _d157306 |
||